Qui sont ces personnalités politiques ? - Renaissance - Statistiques

Statistiques générales
  • Ce quiz a été pris 187 fois
  • Le résultat moyen est 11 sur 16
Statistiques - réponses
Par images Réponse % Correct
Emmanuel Macron
100%
Gabriel Attal
98%
Elisabeth Borne
96%
Bruno Le Maire
89%
Olivier Véran
85%
Yaël Braun-Pivet
82%
Aurore Bergé
77%
Christophe Castaner
70%
Prisca Thevenot
69%
Stéphane Séjourné
62%
Richard Ferrand
57%
Agnès Buzyn
49%
Nathalie Loiseau
48%
Agnès Pannier-Runacher
44%
Julien Denormandie
32%
Muriel Pénicaud
29%
Aucun quiz correspondant
Distribution des résultats
% des personnes avec chaque résultat
Percentile par nombre de réponses
Votre historique - résultats
Vous n’avez pas pris ce quiz